Count your calories to slim and stay slim (Record no. 38274)

MARC details
000 -LEADER
fixed length control field 00293nam a2200121Ia 4500
082 ## - DEWEY DECIMAL CLASSIFICATION NUMBER
Item number MUN
100 ## - MAIN ENTRY--AUTHOR NAME
Personal name Khosla
245 #0 - TITLE STATEMENT
Title Count your calories to slim and stay slim
260 ## - PUBLICATION, DISTRIBUTION, ETC. (IMPRINT)
Place of publication Bombay
Name of publisher India Book house
700 ## - ADDED ENTRY--PERSONAL NAME
Personal name Munwani
942 ## - ADDED ENTRY ELEMENTS (KOHA)
Koha item type Books
Holdings
Withdrawn status Lost status Damaged status Not for loan Home library Current library Date acquired Full call number Accession Number Koha item type
      Write off RRII Library RRII Library 16/12/2021 MUN 18634 Books